| 000 | 00752nam a2200253Ia 4500 | ||
|---|---|---|---|
| 003 | OSt | ||
| 005 | 20220918214305.0 | ||
| 006 | a|||||r|||| 00| 0 | ||
| 007 | ta | ||
| 008 | 220917b |||||||| |||| 00| 0 eng d | ||
| 024 | _a136,706 | ||
| 037 | _cTextual | ||
| 040 |
_aARTS _cARTS _beng |
||
| 041 |
_2eng _aeng |
||
| 082 | _aY:f, L5 | ||
| 100 |
_aBogdan Robert _9130652 |
||
| 245 | 0 |
_aIntroduction to qualitative methods _b a phenomenological approach to the social sciences |
|
| 260 |
_aNew York _bJohn Wiley _c1975 |
||
| 300 |
_axi,266p. _ccm. |
||
| 650 |
_aRESEARCH METHODS; SOCIOLOGY _9130653 |
||
| 700 |
_a Taylor Steven J _9130654 |
||
| 942 |
_hY:f, L5 _cTEXL _2CC |
||
| 999 |
_c259796 _d259796 |
||